Yükseköğretim programları ve demokratik tutumlar (Record no. 7870)

MARC details
000 -BAŞLIK
Sabit Uzunlukta Kontrol Alanı 00820na a2200265 4500
001 - KONTROL NUMARASI
Denetim Alanı 19478
003 - KONTROL NUMARASI IDENTIFIER
Denetim Alanı MIRAKIL
005 - SON İŞLEM TARİHİ VE ZAMANI
Denetim Alanı 20181213155152.0
008 - SABİT-BOY VERİ ELEMANLARI - GENEL BİLGİLER
Sabit Uzunlukta Kontrol Alanı 161215b tu 000 0
035 ## - SİSTEM KONTROL NUMARASI
Sistem Kontrol Numarası 19478
040 ## - KATALOGLAMA KAYNAK
Orijinal Kataloglama Ajansı Milas
Kataloglama Dili tur
Metne Dönüştürmek Ajansı TR-AnCHP
041 ## - DİL KODU
Metin / Ses Parça Veya Ayrı Başlığın Dil Kodu tur
082 ## - DEWEY ONLU SINIFLANDIRMA NUMARASI
Sınıflandırma Numarası 378.1
Ürün Numarası B99y 1995
090 ## - SINIFLAMA NUMARASI
Sınıflama Numarası 378.1 B99y 1995
100 ## - ANA GİRİŞ - KİŞİSEL İSİM
Kişisel Ad Büyükkaragöz, Savaş
245 ## - BAŞLIK TABLOSU
Başlık Yükseköğretim programları ve demokratik tutumlar
Sorumluluk Tablosu, Vb Araştırmacı Savaş Büyükkaragöz; yardımcı araştırmacılar Şahin Kesici, Ali Yılmaz
260 ## - YAYIN, DAĞITIM, VB
Yayın, Dağıtım, Vb Yeri Ankara
Yayıncı, Dağıtıcı, Vs Adı Türk Demokrasi Vakfı
Yayın, Dağıtım, Vb Tarihi 1995
300 ## - FİZİKSEL TANIM
Kapsam 320 s.
Diğer Fiziksel Ayrıntıları tbl.
Boyutlar 21 sm.
504 ## - KAYNAKÇA VB NOT
Kaynakça Vb Notu Kaynakça var.
650 ## - KONU KATMA GİRİŞ - TOPİKAL DÖNEM
Topikal Süreli Veya Coğrafi Ad Giriş Elemanı Yüksek öğretim
Genel Alt Bölümü Programlar
Kronolojik Alt Bölümü Demokrasi
650 ## - KONU KATMA GİRİŞ - TOPİKAL DÖNEM
Topikal Süreli Veya Coğrafi Ad Giriş Elemanı Demokrasi
Genel Alt Bölümü Eğitim
700 ## - KATMA GİRİŞ - KİŞİSEL İSİM
Kişisel Ad Kesici, Şahin
700 ## - KATMA GİRİŞ - KİŞİSEL İSİM
Kişisel Ad Yılmaz, Ali
942 ## - EKLENDİ GİRİŞ ELEMANLARI (KOHA)
Sınıflandırma Veya Raf Düzeni Kaynak Dewey Decimal Classification
Koha Öğesi Türü Books
999 ## - SİSTEM KONTROL NUMARALARI (KOHA)
Koha Biblionumber 7870
Koha Biblioitemnumber 7870
Holdings
Kalıcı Konum Mevcut Konum Edinme Tarihi Edinim Kaynak Toplam Check-Out'Lar Tam Çağrı Numarası Barkod Tarih Son Görülme İtibaren Geçerli Fiyatlar Koha Öğesi Türü
CHP Kütüphanesi CHP Kütüphanesi 12/15/2016 Bağış   378.1 B99y 1995 011587 12/15/2016 12/15/2016 Books